| 000 | 00558pab a2200205 454500 | ||
|---|---|---|---|
| 008 | 180718b1983 xxu||||| |||| 00| 0 eng d | ||
| 100 | _aInamdar, N.R. | ||
| 245 | _aThe Estimates Committee and administrative accountability | ||
| 260 | _c1983 | ||
| 300 | _ap.590-611. | ||
| 362 | _aJul-Sep | ||
| 650 | _aAccountability | ||
| 650 | _aPublic administration | ||
| 650 | _aEstimate Committee | ||
| 650 | _aLegislative bodies - Committees | ||
| 650 | _aParliament | ||
| 773 | _aIndian Journal of Public Administration | ||
| 908 | _aN | ||
| 909 | _a39325 | ||
| 999 |
_c39325 _d39325 |
||